[Event "Neu Isenburg Open"]
[Site "Neu Isenburg"]
[Date "1992.04.25"]
[Round "7"]
[White "Lazarev, Vladimir"]
[Black "Gabriel, Robert"]
[Result "0-1"]
[WhiteElo "2445"]
[BlackElo "2250"]
[PlyCount "74"]
[EventDate "1992.04.24"]
[Source "www.chesslib.no"]
[SourceDate "2004.05.04"]

1. d4 d5 2. c4 e6 3. Nc3 c5 4. cxd5 exd5 5. Nf3 Nc6 6. g3 c4 7. Bg2 Bb4 8. O-O Nge7 9. e4 Bxc3 10. bxc3 dxe4 11. Nd2 f5 12. Qh5+ g6 13. Qh6 Be6 14. Rb1 Qd7 15. f3 e3 16. Ne4 fxe4 17. fxe4 e2 18. Re1 O-O-O 19. d5 Ne5 20. Qg7 Qc7 21. dxe6 Qc5+ 22. Kh1 Rhg8 23. Ba3 Rxg7 24. Bxc5 Rd2 25. Bd4 N7c6 26. Bh3 Re7 27. Be3 Rxa2 28. Bc5 Re8 29. Bd6 b6 30. Kg2 Kb7 31. Kf2 Nd3+ 32. Ke3 Nxe1 33. Rxe1 Ne7 34. Rxe2 Rxe2+ 35. Kxe2 Kc6 36. Ba3 b5 37. Ke3 g5 0-1

[Event "Rilton Cup"]
[Site "Stockholm SWE"]
[Date "1987.??.??"]
[Round "?"]
[White "Sjoberg, Mats"]
[Black "Berkell, Peder"]
[Result "1-0"]
[WhiteElo "2370"]
[BlackElo "2320"]
[PlyCount "77"]
[EventDate "1987.??.??"]
[Source "www.chesslib.no"]
[SourceDate "2004.05.04"]

1. d4 d5 2. c4 e6 3. Nc3 c5 4. cxd5 exd5 5. Nf3 Nc6 6. g3 c4 7. Bg2 Bb4 8. O-O Nge7 9. a3 Ba5 10. Bg5 f6 11. Bf4 O-O 12. Rc1 Bg4 13. h3 Bh5 14. Ne1 a6 15. Nc2 b5 16. Qe1 Bg6 17. Qd2 Be4 18. Rfe1 Re8 19. Bf1 Nf5 20. Qd1 Bxc2 21. Rxc2 b4 22. axb4 Bxb4 23. Bg2 Bxc3 24. bxc3 Qa5 25. Qa1 Nfe7 26. Ra2 Qb6 27. Rb1 Qa7 28. Rab2 Qd7 29. Qa4 g5 30. Bc1 Reb8 31. Rb6 a5 32. Rxb8+ Rxb8 33. Rxb8+ Nxb8 34. Qxa5 Kg7 35. Ba3 Nec6 36. Qxd5 Qa7 37. Qd6 Qa4 38. Qf8+ Kg6 39. Be4+ 1-0

[Event "Politiken Cup"]
[Site "Copenhagen DEN"]
[Date "1984.??.??"]
[Round "9"]
[White "Hartung-Nielsen, Jens"]
[Black "Portisch, Ferenc"]
[Result "1/2-1/2"]
[WhiteElo "2240"]
[BlackElo "2445"]
[PlyCount "47"]
[EventDate "1984.??.??"]
[Source "www.chesslib.no"]
[SourceDate "2004.05.04"]

1. d4 d5 2. c4 e6 3. Nc3 c5 4. cxd5 exd5 5. Nf3 Nc6 6. g3 c4 7. Bg2 Bb4 8. O-O Nge7 9. Ne5 O-O 10. Nxc6 bxc6 11. Na4 Nf5 12. b3 Re8 13. Bd2 Bf8 14. Bc3 Nd6 15. bxc4 Ba6 16. Nc5 Bxc4 17. Re1 Nb5 18. Bb2 Qa5 19. Nb3 Qa4 20. e4 dxe4 21. Rxe4 Rxe4 22. Bxe4 Nd6 23. Bf3 Bd5 24. Bxd5 1/2-1/2

[Event "BEL-chT9900"]
[Site "Antwerp"]
[Date "2000.02.20"]
[Round "10"]
[White "Groffen, Hans"]
[Black "Motwani, Paul"]
[Result "0-1"]
[WhiteElo "2215"]
[BlackElo "2468"]
[PlyCount "38"]
[EventDate "1999.10.08"]
[Source "www.chesslib.no"]
[SourceDate "2004.05.04"]

1. d4 d5 2. c4 e6 3. Nc3 c5 4. cxd5 exd5 5. Nf3 Nc6 6. g3 c4 7. Bg2 Bb4 8. O-O Nge7 9. Ne5 O-O 10. Nxc6 bxc6 11. e4 Be6 12. Bg5 f6 13. Bf4 Re8 14. Qa4 Bxc3 15. bxc3 dxe4 16. Bxe4 Bd5 17. f3 Qd7 18. Rae1 Bf7 19. Qc2 f5 0-1

[Event "Moscow women"]
[Site "Moscow RUS"]
[Date "1990.??.??"]
[Round "?"]
[White "Arakhamia-Grant, Ketevan"]
[Black "Semenova, Lidia K"]
[Result "1/2-1/2"]
[WhiteElo "2385"]
[BlackElo "2295"]
[PlyCount "119"]
[EventDate "1990.??.??"]
[Source "www.chesslib.no"]
[SourceDate "2004.05.04"]

1. d4 d5 2. c4 e6 3. Nc3 c5 4. cxd5 exd5 5. Nf3 Nc6 6. g3 c4 7. Bg2 Bb4 8. O-O Nge7 9. Bf4 O-O 10. h3 a6 11. g4 Bd6 12. Bxd6 Qxd6 13. Nh2 Rb8 14. Qd2 b5 15. Rad1 b4 16. Na4 Ng6 17. f4 f5 18. g5 h6 19. gxh6 gxh6 20. e3 Rb7 21. Nf3 Rg7 22. Kh2 Kh8 23. Rg1 Rfg8 24. Bh1 Qf6 25. Qf2 Qd6 26. Ne5 Nce7 27. Nc5 a5 28. Qf3 Kh7 29. Qh5 Nxe5 30. fxe5 Qd8 31. Qh4 Rxg1 32. Rxg1 Rxg1 33. Kxg1 Qg8+ 34. Kf2 Qg5 35. Qg3 c3 36. Qxg5 hxg5 37. bxc3 bxc3 38. Ke1 Kg6 39. Bf3 g4 40. hxg4 fxg4 41. Bg2 Bf5 42. Na4 c2 43. Kd2 Be4 44. Bxe4+ dxe4 45. Nc3 g3 46. Ne2 Nf5 47. Kxc2 Nxe3+ 48. Kd2 Nf5 49. d5 Kf7 50. Nf4 Ke7 51. Ke2 Kd7 52. Kf1 Ne3+ 53. Kg1 a4 54. d6 Nc4 55. Ne2 Nxe5 56. Nxg3 e3 57. Ne4 Nd3 58. Kf1 a3 59. Nc3 Kxd6 60. Ke2 1/2-1/2

[Event "Groningen Open"]
[Site "Groningen NED"]
[Date "1994.??.??"]
[Round "1"]
[White "Zoler, Dan"]
[Black "Zhukova, Natalia"]
[Result "1-0"]
[WhiteElo "2420"]
[BlackElo "2260"]
[PlyCount "121"]
[EventDate "1994.12.??"]
[Source "www.chesslib.no"]
[SourceDate "2004.05.04"]

1. d4 d5 2. c4 e6 3. Nc3 c5 4. cxd5 exd5 5. Nf3 Nc6 6. g3 c4 7. Bg2 Bb4 8. O-O Nge7 9. Ne1 Qa5 10. Bd2 Nxd4 11. e3 Nb5 12. Nxb5 Qxb5 13. Bxb4 Qxb4 14. Bxd5 Nxd5 15. Qxd5 O-O 16. Nf3 Be6 17. Qe4 Qa5 18. Rfd1 Rad8 19. Nd4 Qd5 20. Qxd5 Bxd5 21. f3 Rd7 22. Kf2 Rfd8 23. Ne2 f6 24. Rd4 Kf8 25. Rad1 Ke7 26. e4 Bf7 27. Rxd7+ Rxd7 28. Rxd7+ Kxd7 29. Ke3 b5 30. Kd4 Kc6 31. Nc3 a6 32. Nd5 Kd6 33. a3 a5 34. a4 Kc6 35. f4 h6 36. Ne7+ Kd7 37. Nf5 b4 38. Ne3 c3 39. bxc3 b3 40. Nd1 Kd6 41. Nb2 Bg8 42. c4 Bh7 43. Nd3 Kc6 44. f5 g6 45. g4 h5 46. h3 hxg4 47. hxg4 gxf5 48. exf5 Kd6 49. Kc3 Bg8 50. Kxb3 Bf7 51. Nf4 Ke5 52. Ne6 Be8 53. c5 Bc6 54. Kc4 Bxa4 55. Nd4 Bd1 56. c6 Kd6 57. Kb5 Kc7 58. g5 fxg5 59. Kc5 a4 60. Kb5 Kc8 61. Kb6 1-0

[Event "Berlin GER"]
[Site "?"]
[Date "2003.05.29"]
[Round "2.2"]
[White "Kalinitschew Sergej"]
[Black "Grillich Alexander"]
[Result "1-0"]
[WhiteElo "2535"]
[BlackElo "2140"]
[PlyCount "23"]
[EventDate "2003.??.??"]
[Source "www.chesslib.no"]
[SourceDate "2004.05.04"]

1. d4 d5 2. c4 e6 3. Nc3 c5 4. cxd5 exd5 5. Nf3 Nc6 6. g3 c4 7. Bg2 Bb4 8. O-O Nge7 9. e4 Bg4 10. exd5 Bxc3 11. dxc6 Ba5 12. cxb7 1-0

[Event "7. Medoc Wines Open"]
[Site "?"]
[Date "2004.06.28"]
[Round "3"]
[White "Delort Frederic"]
[Black "Kosten Anthony C"]
[Result "0-1"]
[WhiteElo "2151"]
[BlackElo "2516"]
[PlyCount "82"]
[EventDate "2004.??.??"]
[Source "www.chesslib.no"]
[SourceDate "2004.05.04"]

1. d4 d5 2. c4 e6 3. Nc3 c5 4. cxd5 exd5 5. Nf3 Nc6 6. g3 c4 7. Bg2 Bb4 8. O-O Nge7 9. e4 dxe4 10. Nxe4 O-O 11. Be3 Nd5 12. Qc2 f5 13. Bg5 fxe4 14. Bxd8 exf3 15. Bxf3 Be6 16. Be4 Raxd8 17. Bxh7+ Kh8 18. Qe4 Rf6 19. Bg6 Nde7 20. Qh4+ Kg8 21. Be4 Nf5 22. Qg5 Rxd4 23. Bg2 Bd2 24. Qh5 Bf7 25. Qe2 Re6 26. Qf3 Re5 27. Rad1 Bd5 28. Qa3 Bxg2 29. Kxg2 Rd3 30. Qxd3 cxd3 31. Rxd2 Re2 32. Rxd3 Rxb2 33. a3 Ne5 34. Rd8+ Kh7 35. Kh3 Nc4 36. a4 Nd2 37. Re1 Nf3 38. Ree8 Rxf2 39. Kg4 Nh6+ 40. Kf4 Nxh2+ 41. Ke4 Nf7 0-1

[Event "Budapest FS06 IM"]
[Site "Budapest HUN"]
[Date "1993.??.??"]
[Round "7"]
[White "Kahn, Evarth"]
[Black "Vandrey, Wolfgang"]
[Result "1/2-1/2"]
[WhiteElo "2360"]
[BlackElo "2305"]
[PlyCount "153"]
[EventDate "1993.06.??"]
[Source "www.chesslib.no"]
[SourceDate "2004.05.04"]

1. d4 d5 2. c4 e6 3. Nc3 c5 4. cxd5 exd5 5. Nf3 Nc6 6. g3 c4 7. Bg2 Bb4 8. O-O Nge7 9. Ne5 O-O 10. Nxc6 bxc6 11. Bd2 Rb8 12. b3 Qa5 13. Qc1 Ba6 14. a3 Bxc3 15. Bxc3 Qc7 16. bxc4 Bxc4 17. Qd2 Nf5 18. Rab1 Rfe8 19. Bf3 Nd6 20. Ba5 Qd7 21. Rxb8 Rxb8 22. Qf4 Re8 23. Re1 Ne4 24. Rb1 f5 25. h4 Bb5 26. e3 Nd6 27. Ra1 Nc4 28. a4 Ba6 29. Qc7 Qxc7 30. Bxc7 Re7 31. Bf4 Rb7 32. g4 Nd2 33. Bd1 Bd3 34. gxf5 Bxf5 35. Ra2 Ne4 36. Bf3 Nc3 37. Ra1 Rb3 38. Be5 Kf7 39. h5 g6 40. hxg6+ hxg6 41. Kg2 Rb1 42. Rxb1 Bxb1 43. Kf1 Be4 44. Bg4 Bf5 45. Bxf5 gxf5 46. Ke1 Ne4 47. f3 Ng5 48. Kf2 Ne6 49. Kg3 c5 50. dxc5 Nxc5 51. Bd6 Nd3 52. Ba3 Ke6 53. f4 d4 54. exd4 Kd5 55. Kh4 Nxf4 56. Kg5 Ke4 57. Bd6 Nd5 58. Bh2 f4 59. Bg1 Kf3 60. Bh2 Ke4 61. Bg1 Ne3 62. Kf6 Kxd4 63. Ke6 Ke4 64. Kd6 Nc4+ 65. Kc5 Kd3 66. Kc6 Ke2 67. Kb7 Na5+ 68. Ka6 Nc4 69. Bh2 f3 70. Bg1 Nd6 71. Kxa7 Kf1 72. Be3 Nc4 73. Bd4 Ke1 74. Ka8 Nd6 75. Be3 Nf5 76. Bg1 Ke2 77. Kb8 1/2-1/2

[Event "TCh-SVK, SVK"]
[Site "?"]
[Date "2000.??.??"]
[Round "6"]
[White "Lisko, F."]
[Black "Bazant, P."]
[Result "0-1"]
[WhiteElo "2335"]
[BlackElo "2325"]
[PlyCount "74"]
[EventDate "2000.??.??"]
[Source "www.chesslib.no"]
[SourceDate "2004.05.04"]

1. d4 d5 2. c4 e6 3. Nc3 c5 4. cxd5 exd5 5. Nf3 Nc6 6. g3 c4 7. Bg2 Bb4 8. O-O Nge7 9. Ne1 O-O 10. Nc2 Ba5 11. f3 Bb6 12. Kh1 Be6 13. b3 cxb3 14. axb3 Nf5 15. Ra4 Rc8 16. Bb2 Bc7 17. Qe1 Qg5 18. f4 Qd8 19. g4 Nh6 20. f5 Nxg4 21. fxe6 fxe6 22. Rxf8+ Qxf8 23. Qh4 Qf5 24. Bf3 h5 25. Ne1 Rf8 26. h3 Nf6 27. Bc1 Ne4 28. Nxe4 dxe4 29. Bg2 Bd8 30. Qg3 h4 31. Qe3 Rf6 32. Bd2 Qg6 33. Rc4 Bc7 34. Qg5 Qf7 35. Kg1 Bg3 36. Nc2 Rf1+ 37. Bxf1 Qf2+ 0-1

[Event "Nice ol (Men)"]
[Site "Nice FRA"]
[Date "1974.??.??"]
[Round "1"]
[White "Balinas, Rosendo C"]
[Black "Calvo Minguez, Ricardo"]
[Result "0-1"]
[WhiteElo "2200"]
[BlackElo "2460"]
[PlyCount "80"]
[EventDate "1974.06.06"]
[Source "www.chesslib.no"]
[SourceDate "2004.05.04"]

1. d4 d5 2. c4 e6 3. Nc3 c5 4. cxd5 exd5 5. Nf3 Nc6 6. g3 c4 7. Bg2 Bb4 8. O-O Nge7 9. Ne1 O-O 10. Nc2 Ba5 11. Be3 Bf5 12. f3 b5 13. Bf2 b4 14. Na4 Bb6 15. e4 Be6 16. Qd2 a5 17. b3 c3 18. Qe2 Ba7 19. Rfd1 Qc7 20. Nc5 Bxc5 21. dxc5 dxe4 22. Qxe4 a4 23. Nxb4 Nxb4 24. Qxb4 c2 25. Rdc1 axb3 26. axb3 Rxa1 27. Rxa1 Rd8 28. Qe1 Bxb3 29. Bf1 h6 30. Qc3 Qb7 31. Bd4 f6 32. Ba6 Qd5 33. Kg2 Nc6 34. Bf2 Ne5 35. c6 Nxc6 36. Bb7 Rd6 37. Ra8+ Kh7 38. Ra6 Qc4 39. Qxc4 Bxc4 40. Bxc6 c1=Q 0-1